| 000 | 00878nam2a2200241 4500 | ||
|---|---|---|---|
| 001 | rc\3052735 | ||
| 005 | 20111011004356.3 | ||
| 035 | _a(NLR Aleph) 007192080 | ||
| 090 |
_a13625407 _c13625407 |
||
| 100 | _a20111011d1947 |||y0rusy50 ca | ||
| 101 | 0 | _arus | |
| 102 | _aRU | ||
| 105 | _ay z ||||| | ||
| 200 | 1 | _aСравнительный анализ характеристик факельных топок | |
| 210 | _d1947 | ||
| 300 | _aПродолжение изд. см. в каталоге период. изд. Ш. П11/671 | ||
| 461 | 0 |
_1001rc\3052699 _12001#$aТруды НИИ-1$e№ 1-$fНар. ком. авиационной промышленности. Науч.-исслед. ин-т № 1$v№ 39 |
|
| 700 | 1 |
_aКнорре _bГ. Ф. |
|
| 801 | 0 |
_aRU _bNLR _gpsbo |
|
| 801 | 1 |
_aRU _bELAR _2rusmarc |
|
| 852 |
_aNLR _jФз02 Г-8/54 |
||
| 942 | _cBOOK | ||
| 980 | _aNB | ||